000 00669nam a2200253 i 4500
001 C2-0307994
003 PPAK
005 20180728094754.0
008 110414s2010 ii |||| ||||| | tam d
020 _a9788183450881
040 _aPPAK
_beng
_cPPAK
_erda
082 0 4 _a899.2213
_223
090 0 0 _a899.2213
_bVAS
_dG
100 0 _aVassanthi,
_eauthor
245 1 0 _aKaaranamillaak Kaariyangal
250 _aOctober
264 1 _aChennai, India :
_bKavitha Publication ,
_c2010
300 _a224 pages ;
_c18 cm
336 _2rdacontent
_atext
337 _2rdamedia
_aunmediated
338 _2rdacarrier
_avolume
650 1 0 _aTamil fiction.
942 _ddc
_cB
999 _c110664
_d110664